Haematology (Record no. 13549)
[ view plain ]
| 000 -LEADER | |
|---|---|
| fixed length control field | 00390nam a22001577a 4500 |
| 003 - CONTROL NUMBER IDENTIFIER | |
| control field | OSt |
| 005 - DATE AND TIME OF LATEST TRANSACTION | |
| control field | 20140310182443.0 |
| 008 - FIXED-LENGTH DATA ELEMENTS--GENERAL INFORMATION | |
| fixed length control field | 130803t xxu||||| |||| 00| 0 eng d |
| 050 ## - LIBRARY OF CONGRESS CALL NUMBER | |
| Classification number | RC 636 |
| Item number | .H548 2008 |
| 100 ## - MAIN ENTRY--PERSONAL NAME | |
| Personal name | Martin Howard. |
| 9 (RLIN) | 7461 |
| 245 ## - TITLE STATEMENT | |
| Title | Haematology |
| Statement of responsibility, etc | Martin Howard. |
| 260 ## - PUBLICATION, DISTRIBUTION, ETC. (IMPRINT) | |
| Place of publication, distribution, etc | USA : |
| Name of publisher, distributor, etc | Churchill ' |
| Date of publication, distribution, etc | c2008. |
| 942 ## - ADDED ENTRY ELEMENTS (KOHA) | |
| Source of classification or shelving scheme | Library of Congress Classification |
| Koha item type | |
| Withdrawn status | Lost status | Source of classification or shelving scheme | Damaged status | Home library | Current library | Shelving location | Date acquired | Total Checkouts | Full call number | Barcode | Date last seen | Date checked out | Copy number | Price effective from | Koha item type |
|---|---|---|---|---|---|---|---|---|---|---|---|---|---|---|---|
| Library of Congress Classification | South SEED-LPDH College Library | South SEED-LPDH College Library | South SEED-LPDH College Section | 08/03/2013 | 1 | RC 636 .H548 2008 | SSLC0255 | 05/15/2018 | 10/20/2017 | 2 | 08/03/2013 | Books | |||
| Library of Congress Classification | South SEED-LPDH College Library | South SEED-LPDH College Library | South SEED-LPDH College Section | 08/03/2013 | RC 636 .H548 2008 | SSLC0210 | 05/15/2018 | 1 | 08/03/2013 | Books |